Pokémon by Species Gen 5 - Statistics

General Stats
  • This quiz has been taken 12 times
  • The average score is 10 of 20
Answer Stats
Hint Answer % Correct
Puppy Pokémon Lillipup
82%
Melody Pokémon Meloetta
82%
Coffin Pokémon Cofagrigus
73%
Drowsing Pokémon Musharna
73%
Grass Monkey Pokémon Pansage
73%
Ore Pokémon Boldore
64%
Stone Home Pokémon Crustle
64%
EleSpider Pokémon Galvantula
64%
Illusion Fox Pokémon Zoroark
55%
First Bird Pokémon Archen, Archeops
45%
Intimidation Pokémon Krookodile
45%
Formidable Pokémon Samurott
45%
Hostile Pokémon Basculin, Zweilous
36%
Iron Will Pokémon Cobalion
36%
Brutal Pokémon Hydreigon
36%
Boundary Pokémon Kyurem
36%
Nurturing Pokémon Leavanny
36%
Vibration Pokémon Palpitoad
36%
Shedding Pokémon Scraggy
36%
Courting Pokémon Swoobat
18%
No matching quizzes found
Score Distribution
Percent of People with Each Score
Percentile by Number Answered
Your Score History
You have not taken this quiz